Szczegóły MARC21

Pomorze plemienne : historia, archeologia, językoznawstwo /

003 -Nazwa inst., której nr kontr. jest w polu 001 [,]
    • @
    • Nazwa instytucji, której n kontrolny jest w polu 001
    • NUKAT
005 -DATA I CZAS OSTATNIEJ MODYFIKACJI [,]
    • @
    • pole kontrolne
    • 20241231094527.0
020 -Międzynarod. znormalizowany nr książki - ISBN [ , ]
    • a
    • Numer ISBN
    • 8387133809 Find
    • q
    • Dopowiedzenie
    • Sorus
020 -Międzynarod. znormalizowany nr książki - ISBN [ , ]
    • a
    • Numer ISBN
    • 8386136219 Find
    • q
    • Dopowiedzenie
    • MN
020 -Międzynarod. znormalizowany nr książki - ISBN [ , ]
    • a
    • Numer ISBN
    • 837063348X Find
    • q
    • Dopowiedzenie
    • PTPN
040 -Instytucja sporządzająca opis [ , ]
    • a
    • Instytucja, która sporządziła opis (NP)
    • WR U/hp
    • c
    • Instytucja, która sporządziła rekord (NP)
    • WR U/hp
    • d
    • Instytucja, która zmodyfikowała rekord (P)
    • WR U/dl
    • d
    • Instytucja, która zmodyfikowała rekord (P)
    • WA U/JKs
    • d
    • Instytucja, która zmodyfikowała rekord (P)
    • WR O/AKs
942 -Rodzaj dokumentu [ , ]
    • c
    • Rodzaj dokumentu
    • Książka
100 -Hasło główne - nazwa osobowa [1, ]
    • a
    • Nazwa osobowa (NP)
    • Piskorski, Jan Maria
    • d
    • Daty biograficzne (NP)
    • (1956- ).
    • 9
    • KHW
    • 43873
245 -Strefa tytułu i oznaczenia odpowiedzialności [1,0]
    • a
    • Tytuł
    • Pomorze plemienne : Find
    • b
    • Ciąg dalszy tytułu (NP)
    • historia, archeologia, językoznawstwo / Find
    • c
    • Pozostałe elementy strefy tytułu i oznaczenia odpowiedzialności (NP)
    • Jan M. Piskorski.
246 -Wariant tytułu [1,3]
    • a
    • Tytuł (NP)
    • Tribal Pomerania (6th-12th century)
260 -Strefa adresu wydawniczego [ , ]
    • a
    • Miejsce wydania (P)
    • Poznań :
    • b
    • Nazwa wydawcy (P)
    • PTPN ;
    • a
    • Miejsce wydania (P)
    • Szczecin :
    • b
    • Nazwa wydawcy (P)
    • "Sorus" :
    • b
    • Nazwa wydawcy (P)
    • Muzeum Narodowe,
    • c
    • Data wydania (P)
    • 2002.
300 -Strefa opisu fizycznego [ , ]
    • a
    • Określenie formy książki i/lub objętość (NP)
    • 308 s., [2] k. map złoż. :
    • b
    • Oznaczenie ilustracji (NP)
    • il., mapy ;
    • c
    • Format (NP)
    • 20 cm.
336 -Typ zawartości [ , ]
    • a
    • Termin opisujący typ zawartości
    • Tekst
    • b
    • Kod określający zawartość
    • txt
    • 2
    • Źródło (terminu i kodu)
    • rdacontent
337 -Typ mediów [ , ]
    • a
    • Tryb odtwarzania
    • Bez urządzenia pośredniczącego
    • b
    • Kod typu mediów
    • n
    • 2
    • Źródło (terminu i kodu)
    • rdamedia
338 -Typ/rodzaj nośnika [ , ]
    • a
    • Hasło opisujące typ nośnika
    • Wolumin
    • b
    • Kod typu nośnika
    • nc
    • 2
    • Źródło (terminu i kodu)
    • rdacarrier
504 -Uwaga dot. bibliogr. załącznikowej [ , ]
    • a
    • Uwaga dot. bibliografii załącznikowej
    • Bibliogr. s. 234-[275].
504 -Uwaga dot. bibliogr. załącznikowej [ , ]
    • a
    • Uwaga dot. bibliografii załącznikowej
    • Indeks.
546 -Uwaga dot. języka [ , ]
    • a
    • Uwaga dot. języka
    • Spis treści również w jęz. niem.
650 -Hasło przedmiotowe [ ,7]
    • a
    • Hasło przedmiotowe
    • Słowianie Zachodni
    • y
    • Określnik chronologiczny
    • średniowiecze.
    • 2
    • Źródło terminu
    • kaba
    • 9
    • KHW
    • 403348
650 -Hasło przedmiotowe [ ,7]
    • a
    • Hasło przedmiotowe
    • Zabytki średniowieczne
    • z
    • Określnik geograficzny
    • Pomorze (region).
    • 2
    • Źródło terminu
    • kaba
    • 9
    • KHW
    • 586342
650 -Hasło przedmiotowe [ ,7]
    • a
    • Hasło przedmiotowe
    • Języki słowiańskie
    • x
    • Określnik rzeczowy
    • dialekty
    • z
    • Określnik geograficzny
    • Pomorze (region)
    • y
    • Określnik chronologiczny
    • średniowiecze.
    • 2
    • Źródło terminu
    • kaba
    • 9
    • KHW
    • 665390
651 -Hasło przedmiotowe w formie nazwy geograficznej [ ,7]
    • a
    • Nazwa geograficzna
    • Pomorze (region)
    • x
    • Określnik rzeczowy
    • historiografia.
    • 2
    • Źródło terminu
    • kaba
    • 9
    • KHW
    • 551217
651 -Hasło przedmiotowe w formie nazwy geograficznej [ ,7]
    • a
    • Nazwa geograficzna
    • Pomorze (region)
    • y
    • Określnik chronologiczny
    • średniowiecze.
    • 2
    • Źródło terminu
    • kaba
    • 9
    • KHW
    • 459648
710 -Hasło dodatkowe - nazwa ciała zbiorowego [2, ]
    • a
    • Nazwa ciała zbiorowego lub nazwa geograficzna jako pierwszy element (NP)
    • Poznańskie Towarzystwo Przyjaciół Nauk.
    • b
    • Nazwa jednostki podrzędnej (P)
    • Wydawnictwo.
    • 4
    • Kod relacji
    • pbl
    • 9
    • KHW
    • 61250
710 -Hasło dodatkowe - nazwa ciała zbiorowego [2, ]
    • a
    • Nazwa ciała zbiorowego lub nazwa geograficzna jako pierwszy element (NP)
    • DM Sorus.
    • 4
    • Kod relacji
    • pbl
    • 9
    • KHW
    • 56066
920 -ISBN [ , ]
    • a
    • ISBN
    • 83-87133-80-9 Find
    • q
    • Dopowiedzenie
    • Sorus
920 -ISBN [ , ]
    • a
    • ISBN
    • 83-86136-21-9 Find
    • q
    • Dopowiedzenie
    • MN
920 -ISBN [ , ]
    • a
    • ISBN
    • 83-7063-348-X Find
    • q
    • Dopowiedzenie
    • PTPN
Data inwentaryzacji Status udost. Lokalizacja Sygnatura Numer inwentarzowy
2003-08-281BGZ.100730Z.100730
2003-08-28-3BGWM.936WM.936
2003-08-28-3BGWM.936WM.937
2003-08-28-3BGWM.936WM.938
2003-08-282BGWM.936WM.939
2003-08-282BGWM.936WM.940
2003-08-282BGWM.936WM.941
2003-08-282BGWM.936WM.942
2003-08-282BGWM.936WM.943
2003-08-28-3BGWM.936WM.944
2003-09-022BGWM.936WM.958
2003-08-281BNS H.11922
2003-08-28-3BNS H.11923
2003-10-07-3BNS H.12144
2006-02-22-3BNS H.14120